Costos II Mťodo matricial F H E R con aproximaciones a las NIC 02 y NIIF 08 /

Detalles Bibliográficos
Autor principal: Rincn̤ Soto, Carlos Augusto
Otros Autores: Villarreal Vs̀quez, Fernando
Formato: eBook
Lenguaje:español
Publicado: Bogot:̀ Ediciones de la U, 2016
Materias:
Acceso en línea:Acceso restringido

MARC

LEADER 00000nam a22000007a 4500
005 20161210002036.0
007 cr|||| ||||
008 161210s2016 co |||||s|||| 00||0 spa d
020 |a 978-958-762-204-1 
035 |a 14635 
040 |a vLex 
090 |c 6473  |d 6473 
100 1 |a Rincn̤ Soto, Carlos Augusto 
245 1 0 |a Costos II  |h [Recurso electrn̤ico] :  |b Mťodo matricial F H E R con aproximaciones a las NIC 02 y NIIF 08 /  |c Carlos Augusto Rincn̤ Soto, Fernando Villarreal Vs̀quez 
256 |a Servicio en ln̕ea 
260 |a Bogot:̀  |b Ediciones de la U,  |c 2016 
300 |a 1 recurso electrn̤ico 
506 1 |a Disponible solo en los productos indicados  |d vLex Global  |d vLex Global (Academic Edition, excluding Law Schools)  |d vLex Global (U.S. Academic Edition, Law Schools)  |d vLex Global (U.S. Academic Edition, excluding Law Schools)  |d vLex Global (Academic Edition, Law Schools) 
650 0 4 |a Contabilidad  |z Colombia 
650 0 4 |a Financiero  |z Colombia 
700 1 |a Villarreal Vs̀quez, Fernando 
740 0 |a vLex Libros (Servicio en ln̕ea) 
856 4 0 |u http://vlex.com/source/costos-ii-14635  |z Acceso restringido 
942 |c BOOK 
999 0 |a Accounting 
999 0 |a Financial